000 00297nam a2200121Ia 4500
008 241002s9999 xx 000 0 und d
082 _a658.4012 TAY
100 _aTaylor, James K
245 0 _aDeveloping winning strategic plans
260 _aN/A
_c1995
600 _aApplied Science
942 _cUC
999 _c18612
_d18612